000
00288nam a2200109Ia 4500
008
200302s9999 xx 000 0 und d
100
_a
Anne Blythe Munro
245
_a
Soft Furnishings Made Easy A Guide and Pattern Book
260
_b
Methuen & Co., Ltd.,
260
_c
1966
300
_a
116 P.,
999
_c
316
_d
316